| 000 | 01218pam a2200253 4500 | ||
|---|---|---|---|
| 001 | 2969 | ||
| 005 | 20181127170149.0 | ||
| 008 | 910220s1991 ctuab b 101 0 eng | ||
| 010 | _a 91010623 | ||
| 020 | _a0300049706 (alk. paper) | ||
| 043 |
_an-us-wy _an-us-mt _an-us-id |
||
| 245 | 0 | 4 |
_aThe Greater Yellowstone ecosystem : _bredefining America's wilderness heritage / _cRobert B. Keiter and Mark S. Boyce, editors ; with a foreword by Luna B. Leopold. |
| 260 |
_aNew Haven : _bYale University Press, _cc1991. |
||
| 300 |
_axv, 430 p. : _bill., maps ; _c25 cm. |
||
| 500 | _aPapers from a symposium on the Greater Yellowstone Ecosystem, hosted by the University of Wyoming in Apr., 1989. | ||
| 504 | _aIncludes bibliographical references and index. | ||
| 650 | 0 |
_aEcology _zYellowstone National Park Region _xCongresses. |
|
| 650 | 0 |
_aEnvironmental policy _zYellowstone National Park Region _xCongresses. |
|
| 650 | 0 |
_aFire ecology _zYellowstone National Park Region _xCongresses. |
|
| 650 | 0 |
_aWildlife conservation _zYellowstone National Park Region _xCongresses. |
|
| 650 | 0 |
_aWildlife reintroduction _zYellowstone National Park Region _xCongresses. |
|
| 700 | 1 | _aBoyce, Mark S. | |
| 700 | 1 |
_aKeiter, Robert B., _d1946- |
|
| 999 |
_c2387 _d2387 |
||